00191nam a2200085Ia 4500008004100000100001500041245001700056260002300073260000900096170620s9999 xx 000 0 und d aSINGH- S P 0aLaw of Torts bUniversal Law Pub. c2012